000
00241nam a2200097Ia 4500
001
1151802
005
20250827011054.0
008
250824s9999 xx 000 0 und d
245
0
_a
İKİ SÖZ
_c
KAHRAMAN TAZEOĞLU
260
_b
DESTEK YAYINLARI
999
_c
1151802
_d
1151802